All 10k+ Cities in Cuba - Statistics

General Stats
  • This quiz has been taken 52 times
  • The average score is 25 of 123
Answers on the Map
Answers color-coded by a green-red scale on the quiz's map according to % correct below.
 
Answer Stats
Population Answer % Correct
2,137,847 Havana
93%
431,272 Santiago de Cuba
60%
300,958 Camagüey
53%
217,135 Guantánamo
53%
211,925 Santa Clara
53%
147,110 Cienfuegos
47%
287,881 HolguÍn
47%
140,230 Pinar del Río
47%
133,769 Matanzas
40%
45,041 Trinidad
40%
46,574 Artemisa
33%
43,062 Baracoa
33%
114,829 Ciego de Ávila
33%
46,264 Nueva Gerona
33%
29,119 San Cristóbal
33%
157,027 Bayamo
27%
33,683 Caibarién
27%
162,957 Las Tunas
27%
74,930 Palma Soriano
27%
104,968 Sancti Spíritus
27%
12,661 Santa Lucía
27%
10,760 Venezuela
27%
17,854 Aguada de Pasajeros
20%
26,141 Amancio
20%
17,689 Bahía Honda
20%
35,316 Banes
20%
15,125 Bartolomé Masó
20%
11,196 Buenaventura
20%
30,326 Cabaiguán
20%
12,432 Cacocum
20%
12,519 Candelaria
20%
88,987 Cárdenas
20%
16,540 Chaparra
20%
28,465 Consolación del Sur
20%
47,132 Contramaestre
20%
13,389 Cueto
20%
25,031 Cumanayagua
20%
54,191 Florida
20%
16,121 Gibara
20%
12,479 Guane
20%
13,609 La Fe
20%
98,904 Manzanillo
20%
17,271 Mariel
20%
29,259 Mayarí
20%
12,707 Mayarí Arriba
20%
11,361 Mella
20%
60,310 Moa
20%
59,371 Morón
20%
19,594 Nicaro-Levisa
20%
24,244 Niquero
20%
38,207 Nuevitas
20%
13,533 Palmira
20%
34,086 Puerto Padre
20%
14,525 Río Cauto
20%
23,979 Sagua de Tánamo
20%
37,713 Sagua la Grande
20%
33,811 San Antonio de los Baños
20%
11,032 Sandino
20%
24,084 San Germán
20%
36,640 San José de las Lajas
20%
12,759 San Juan y Martínez
20%
34,997 San Luis
20%
12,336 Santa Cruz del Norte
20%
16,569 Santa Cruz del Sur
20%
12,675 Santa Marta
20%
13,142 Yara
20%
14,984 Alquízar
13%
11,699 Baíre
13%
23,557 Bauta
13%
16,599 Bejucal
13%
10,421 Buey Arriba
13%
12,244 Caimito
13%
21,924 Camajuaní
13%
18,611 Campechuela
13%
11,840 Carlos Manuel de Céspedes
13%
10,808 Chambas
13%
15,785 Ciro Redondo
13%
22,828 Colombia
13%
44,177 Colón
13%
19,111 Cruces
13%
12,974 Dos Caminos de San Luis
13%
11,438 El Cobre
13%
14,046 Esmeralda
13%
11,147 Esperanza
13%
19,347 Fomento
13%
19,238 Guáimaro
13%
22,839 Guanajay
13%
40,855 Güines
13%
25,424 Güira de Melena
13%
21,849 Guisa
13%
28,870 Jagüey Grande
13%
10,243 Jaruco
13%
24,514 Jatibonico
13%
22,333 Jiguaní
13%
20,309 Jobabo
13%
26,319 Jovellanos
13%
12,128 Julia Mabay
13%
11,658 Lajas
13%
23,341 La Maya
13%
10,128 Los Arabos
13%
17,195 Los Palacios
13%
11,943 Madruga
13%
14,853 Manatí
13%
22,266 Manicaragua
13%
16,117 Media Luna
13%
15,415 Minas
13%
13,949 Pedro Betancourt
13%
12,607 Perico
13%
13,395 Pilón
13%
39,615 Placetas
13%
10,635 Primero de Enero
13%
10,408 Quemado de Güines
13%
16,043 Ranchuelo
13%
18,637 Remedios
13%
11,414 Rodas
13%
12,110 San Antonio de las Vueltas
13%
12,830 San Nicolás de Bari
13%
15,846 Santo Domingo
13%
11,207 Sibanicú
13%
10,726 Vázquez
13%
12,807 Velasco
13%
28,890 Vertientes
13%
11,878 Yaguajay
13%
No matching quizzes found
Score Distribution
Percent of People with Each Score
Percentile by Number Answered
Your Score History
You have not taken this quiz